[Event "S60071 Winter Series"]
[Site "CCLA"]
[Date "2016.01.28"]
[Round "?"]
[White "Williams, Rufus H."]
[Black "Ritzmann, Andrew M."]
[Result "1-0"]
[WhiteElo "1375"]
[BlackElo "1231"]

1. d4 Nf6 2. Nf3 d5 3. e3 c5 4. Bd3 Nc6 5. O-O Bg4 6. Nc3 cxd4 7. exd4 
Nxd4 8. Be3 Nxf3+ 9. gxf3 Bh3 10. Re1 e6 11. Bb5+ Nd7 12. Qd4 a6 13. Bf1 
Bxf1 14. Rxf1 Nf6 15. Kh1 Bd6 16. Rg1 g6 17. Bh6 Ng8 18. Qxh8 Qh4 19. 
Qxg8+ Kd7 20. Qxf7+ Kc6 21. Rg2 Qxh6 22. Qxe6 Qd2 23. Qxd5+ Qxd5 24. Nxd5 
Kxd5 25. Rg4 Re8 26. Rd1+ Kc5 27. Rgd4 Rd8 28. Kg2 b5 29. b3 Kc6 30. Rxd6+
Rxd6 31. Rxd6+ Kxd6 32. Kg3 Kd5 33. c3 Kc5 34. Kf4 a5 35. Kg5 b4 36. cxb4+
axb4 37. Kh6 Kd5 38. Kxh7 Ke5 39. Kxg6 Kf4 40. h4 Kxf3 41. h5 1-0

[Event "S60159 Server NA Class C Ch"]
[Site "CCLA"]
[Date "2016.05.12"]
[Round "?"]
[White "McLaughlin, Ed"]
[Black "Moujan, Pablo"]
[Result "1-0"]
[WhiteElo "1537"]
[BlackElo "1536"]

1. d4 Nf6 2. Nf3 e6 3. Nbd2 d5 4. e3 c5 5. c3 Nc6 6. Ne5 Qc7 7. f4 cxd4 8.
 exd4 Bd6 9. Bd3 Bd7 10. O-O O-O-O 11. Nxf7 Bxf4 12. h3 Rdf8 13. Nxh8 Rxh8
14. Nf3 Bd6 15. Qc2 e5 16. dxe5 Nxe5 17. Nxe5 Bxe5 18. Bg5 Qb6+ 19. Kh1 h6
20. Bh4 Qd6 21. Bf5 g5 22. Bf2 b6 23. Rae1 h5 24. Bxd7+ Nxd7 25. Qa4 Kb7 
26. Be3 g4 27. Rf7 Rd8 28. Bg5 Qe6 29. Re7 Qc6 30. Qxc6+ Kxc6 31. R7xe5 
Nxe5 32. Bxd8 Nd3 33. Re2 1-0

[Event "S60159 Server NA Class C Ch"]
[Site "CCLA"]
[Date "2016.05.12"]
[Round "?"]
[White "McLaughlin, Ed"]
[Black "Perry, William E."]
[Result "1-0"]
[WhiteElo "1537"]
[BlackElo "1417"]

1. d4 e6 2. Nf3 Nf6 3. Nbd2 c5 4. b3 d5 5. e3 Nc6 6. Bd3 Bd6 7. Bb2 O-O 8.
 O-O Qe7 9. Ne5 cxd4 10. exd4 Ba3 11. Bxa3 Qxa3 12. c3 Qd6 13. f4 Bd7 14. 
g4 g6 15. Rf3 Rad8 16. Rh3 Qc7 17. g5 Nh5 18. Rxh5 gxh5 19. Qxh5 f5 20. 
gxf6 Be8 21. f7+ Rxf7 22. Nxf7 Qxf7 23. Qxf7+ Bxf7 24. Nf3 Ne7 25. Ne5 Rc8
26. Rc1 Nf5 27. Bxf5 exf5 28. Nxf7 Kxf7 29. c4 Ke7 30. Kf2 Rg8 31. Re1+ 
Kd6 32. Re5 1-0

[Event "S60089 Premier Quad"]
[Site "CCLA"]
[Date "2016.02.12"]
[Round "?"]
[White "Shannon, Paul D."]
[Black "Catania, Duane"]
[Result "1-0"]
[WhiteElo "1828"]
[BlackElo "1779"]

1. d4 e6 2. Nf3 d5 3. e3 Nf6 4. Bd3 c5 5. c3 Nc6 6. Nbd2 Bd6 7. O-O e5 8. 
dxc5 Bxc5 9. e4 O-O 10. Qc2 Bg4 11. b4 Bd6 12. exd5 Nxd5 13. Bxh7+ Kh8 14.
 Be4 Nf4 15. Nc4 Qe7 16. Bxc6 bxc6 17. Bxf4 exf4 18. Rfe1 Qf6 19. Nfe5 Bf5
20. Qe2 Bxe5 21. Qxe5 Qxe5 22. Nxe5 Rac8 23. Rad1 f6 24. Nc4 Rcd8 25. Nd6 
Bg6 26. f3 Kg8 27. c4 Rb8 28. a3 a5 29. b5 cxb5 30. cxb5 Rb6 31. a4 Bc2 
32. Rd4 Bxa4 33. Rxa4 Rxd6 34. Rxa5 Rb6 35. Rb1 Rfb8 36. Kf2 Kf7 37. Rb4 
g5 38. Rb2 Kg6 39. Ke2 Re8+ 40. Kd1 Re5 41. Kc2 Kf7 42. Kc3 Ke7 43. Kc4 
Kd7 44. Ra7+ Kc8 45. Rf7 Kb8 46. Rd2 Kc8 47. Rd5 Rxd5 48. Kxd5 1-0

[Event "S60159 Server NA Class C Ch"]
[Site "CCLA"]
[Date "2016.05.12"]
[Round "?"]
[White "Sanchez, David A."]
[Black "Gunning, Edward E."]
[Result "1-0"]
[WhiteElo "1453"]
[BlackElo "1469"]

1. d4 d5 2. c4 Nf6 3. g3 c6 4. Bg2 Bf5 5. cxd5 e6 6. dxe6 Bxe6 7. Nf3 Bd5 
8. O-O Nbd7 9. Nc3 Bb4 10. Nxd5 Nxd5 11. e4 N5f6 12. Bd2 Qb6 13. Re1 O-O 
14. e5 Nd5 15. Bh3 Qc7 16. Ng5 g6 17. Bxb4 Nxb4 18. e6 Nf6 19. exf7+ Rxf7 
20. Be6 h6 21. Nxf7 Kg7 22. Qd2 Ng8 23. Qxb4 1-0

[Event "S60241 Summer Series"]
[Site "CCLA"]
[Date "2016.07.31"]
[Round "?"]
[White "Ritzmann, Andrew M."]
[Black "Martindale, Roger"]
[Result "1-0"]
[WhiteElo "1231"]
[BlackElo "1190"]

1. d4 d5 2. c4 Nf6 3. cxd5 Qxd5 4. Nc3 Qa5 5. Nf3 Ne4 6. e3 Nxc3 7. Qd2 e6
8. bxc3 Nc6 9. Bd3 Bd6 10. O-O O-O 11. Qc2 Ne7 12. Ng5 Qxg5 13. Bxh7+ Kh8 
14. f4 Qh5 15. Be4 Nd5 16. Rf3 f5 17. Rh3 Qxh3 18. gxh3 fxe4 19. c4 Nb4 
20. Qxe4 c6 21. Bb2 Rf5 22. Qg2 Nd3 23. Bc3 Be7 24. d5 Bf6 25. Bxf6 Rxf6 
26. dxc6 bxc6 27. Qxc6 Rb8 28. Qc7 Ra8 29. Rd1 Rg6+ 30. Kf1 Nb4 31. Rd8+ 
Kh7 32. Qf7 Nc6 33. Qg8+ 1-0

[Event "S60241 Summer Series"]
[Site "CCLA"]
[Date "2016.07.31"]
[Round "?"]
[White "Ritzmann, Andrew M."]
[Black "Selby, Robin"]
[Result "0-1"]
[WhiteElo "1231"]
[BlackElo "1226"]

1. d4 d5 2. c4 Nf6 3. cxd5 Nxd5 4. Nf3 g6 5. e4 Nf6 6. Nc3 e6 7. Bd3 Nc6 
8. Qa4 Bd7 9. Bb5 a6 10. Bxc6 Bxc6 11. Qc2 Be7 12. O-O O-O 13. Bg5 Re8 14.
 Rad1 Bb4 15. Rfe1 Be7 16. Ne5 Bb5 17. a4 Bc6 18. Bxf6 Bxf6 19. Nxc6 bxc6 
20. e5 Be7 21. Qe4 Kg7 22. Qxc6 Bb4 23. Qf3 h5 24. Re4 Rf8 25. Rd3 Rb8 26.
 Nd1 Ba5 27. Qxh5 gxh5 28. Rg3+ Kh6 29. Ne3 Rg8 30. Rh3 Rxb2 31. f3 Rb1+ 
32. Nf1 Qd7 33. g4 Qd5 34. Rf4 h4 35. Rxh4+ Kg7 36. g5 Bb6 37. Kg2 Qa2+ 
38. Kg3 Rxf1 39. Rf6 Qf2+ 40. Kg4 Qxd4+ 41. f4 Qd1+ 42. Kg3 Qf3# 0-1

[Event "S60221 Summer Series"]
[Site "CCLA"]
[Date "2016.07.31"]
[Round "?"]
[White "Greco, Tom"]
[Black "McLaughlin, Ed"]
[Result "1/2-1/2"]
[WhiteElo "1668"]
[BlackElo "1633"]

1. d4 d5 2. c4 Nf6 3. cxd5 Nxd5 4. e4 Nf6 5. Nc3 Bg4 6. f3 Bh5 7. Be3 e6 
8. Bd3 Bg6 9. Nge2 h6 10. a3 Be7 11. b4 c6 12. O-O O-O 13. Rc1 a5 14. Rb1 
axb4 15. axb4 Nbd7 16. Qd2 e5 17. d5 cxd5 18. Nxd5 Nxd5 19. exd5 Bxd3 20. 
Qxd3 Nf6 21. Rfd1 Bd6 22. Ng3 Re8 23. Bc5 b6 24. Bxd6 Qxd6 25. Ne4 Qd8 26.
 Rbc1 Ra4 27. Qb3 Qa8 28. Nxf6+ gxf6 29. Rc6 b5 30. Rxf6 Kg7 31. Rb6 Qa7 
32. Qe3 Rb8 33. Qxh6+ Kg8 34. Qg5+ Kh7 35. Qh6+ Kg8 36. Qg5+ Kh7 37. Qh6+ 
1/2-1/2

[Event "S67079 Gustafson Memorial Open"]
[Site "CCLA"]
[Date "2016.11.20"]
[Round "?"]
[White "Walsh, Patrick"]
[Black "Blankenship, Jerry T."]
[Result "0-1"]
[WhiteElo "1631"]
[BlackElo "1675"]

1. d4 Nf6 2. c4 d5 3. cxd5 c6 4. Nc3 cxd5 5. Bf4 Nc6 6. e3 Bf5 7. Rc1 e6 
8. Nf3 Bd6 9. Bxd6 Qxd6 10. Bb5 O-O 11. O-O a6 12. Bxc6 bxc6 13. Na4 Nd7 
14. Nh4 Be4 15. f3 Bf5 16. Rc3 Rac8 17. Qb3 h6 18. Nxf5 exf5 19. Qb7 f4 
20. exf4 Qxf4 21. Rd1 Qd6 22. b3 a5 23. Nc5 Rc7 24. Qa6 Nxc5 25. Rxc5 Re8 
26. Qxa5 Rce7 27. Rc2 Re2 28. Rxe2 Rxe2 29. Rd2 Re1+ 30. Kf2 Ra1 31. h3 
Qh2 32. Qa6 Rg1 0-1

[Event "S60241 Summer Series"]
[Site "CCLA"]
[Date "2016.07.31"]
[Round "?"]
[White "Ritzmann, Andrew M."]
[Black "Bearce, Harold L."]
[Result "1-0"]
[WhiteElo "1231"]
[BlackElo "1032"]

1. d4 d5 2. c4 c6 3. Nf3 h6 4. Nc3 Bf5 5. cxd5 cxd5 6. Qb3 b6 7. Qxd5 Qxd5
8. Nxd5 Kd8 9. Bf4 Nc6 10. e3 e6 11. Nc3 Nf6 12. Bb5 Kd7 13. Ne5+ 1-0

[Event "S60309 Regular Quad"]
[Site "CCLA"]
[Date "2017.01.07"]
[Round "?"]
[White "Lavery, Thomas"]
[Black "Bearce, Harold L."]
[Result "1-0"]
[WhiteElo "1531"]
[BlackElo "1032"]

1. d4 d5 2. c4 c6 3. Nf3 h6 4. cxd5 Bf5 5. dxc6 Nxc6 6. Nc3 e6 7. e4 Bh7 
8. d5 exd5 9. exd5 Nb8 10. Bb5+ Nd7 11. Ne5 Nf6 12. Qa4 a6 13. Bxd7+ Ke7 
14. O-O Nxd7 15. Re1 b5 16. Nc6+ 1-0

[Event "S60329 Regular Quad"]
[Site "CCLA"]
[Date "2017.01.07"]
[Round "?"]
[White "Parenteau, Mike"]
[Black "Alvarez, Adrian Astur"]
[Result "0-1"]
[WhiteElo "1618"]
[BlackElo "1460"]

1. d4 d5 2. c4 c6 3. Nf3 Nf6 4. g3 dxc4 5. Bg2 b5 6. Ne5 Qa5+ 7. Nc3 Nd5 
8. Nxc6 Nxc6 9. Bxd5 Bb7 10. Bg2 b4 11. Na4 e5 12. dxe5 Qxe5 13. Bf4 Qb5 
14. Bh3 Rd8 15. Qc1 b3 16. Nc3 Qa5 17. Qe3+ Be7 18. O-O O-O 19. axb3 Bc5 
20. Qc1 Qb6 21. bxc4 Rfe8 22. Nd5 Qb3 23. Bc7 Nd4 24. Re1 Rxd5 25. cxd5 
Qxd5 0-1

[Event "S60159 Server NA Class C Ch"]
[Site "CCLA"]
[Date "2016.05.12"]
[Round "?"]
[White "Moujan, Pablo"]
[Black "Nurmi, Ronald"]
[Result "1-0"]
[WhiteElo "1536"]
[BlackElo "1480"]

1. d4 d5 2. c4 c6 3. Nf3 Nf6 4. e3 Bg4 5. Qb3 Qb6 6. Ne5 Bf5 7. cxd5 Qxb3 
8. axb3 Nxd5 9. Nd2 Nb4 10. Ke2 f6 11. g4 fxe5 12. gxf5 exd4 13. Ra4 dxe3 
14. Rxb4 exd2 15. Bxd2 b6 16. Bg2 e5 17. Rg4 Nd7 18. Bxc6 Rc8 19. Rc1 Kd8 
20. Bg5+ Kc7 21. Bxd7+ Kxd7 22. Rd1+ Kc7 23. Rc4+ Kb8 24. Rxc8+ Kxc8 25. 
Rd8+ Kc7 26. Be7 Bxe7 27. Rxh8 h6 28. Kd3 Kc6 29. Rc8+ Kb7 30. Rg8 Bf6 31.
 Ke4 1-0

[Event "S60201 Summer Series"]
[Site "CCLA"]
[Date "2016.07.31"]
[Round "?"]
[White "Edwards, Ken"]
[Black "Clancey, James"]
[Result "1-0"]
[WhiteElo "2287"]
[BlackElo "2039"]

1. d4 d5 2. c4 c6 3. cxd5 cxd5 4. Nc3 Nf6 5. Nf3 Nc6 6. Bf4 Bf5 7. e3 e6 
8. Ne5 Nxe5 9. Bxe5 a6 10. Bxf6 gxf6 11. Bd3 Bg6 12. O-O Qd7 13. Rc1 Be7 
14. Qc2 O-O 15. f4 Bxd3 16. Qxd3 f5 17. Rc2 Bd6 18. Rfc1 Rfc8 19. Na4 Rxc2
20. Qxc2 Qd8 21. Kh1 Qa5 22. a3 Qb5 23. Nc3 1-0

[Event "S67029 Gustafson Memorial Open"]
[Site "CCLA"]
[Date "2016.11.20"]
[Round "?"]
[White "O'Keefe, Michael J."]
[Black "Gredescul, Andrea"]
[Result "1/2-1/2"]
[WhiteElo "2074"]
[BlackElo "2166"]

1. Nf3 d5 2. c4 c6 3. d4 Nf6 4. Nc3 a6 5. c5 g6 6. Bf4 Bg7 7. h3 Nbd7 8. 
e3 O-O 9. Bd3 Ne8 10. O-O Nc7 11. Rc1 e5 12. Nxe5 Nxe5 13. Bxe5 Bxe5 14. 
dxe5 Qe7 15. e4 Qxe5 16. exd5 cxd5 17. Re1 Qg5 18. Bf1 Bxh3 19. f4 Qg3 20.
 Nxd5 Nxd5 21. Qxd5 Rad8 22. Qxb7 Rd2 23. Qf3 Qxf3 24. gxf3 Bxf1 25. Kxf1 
Rb8 26. Re2 Rbxb2 27. Rxd2 Rxd2 28. c6 Rd8 29. c7 Rc8 30. f5 Kg7 31. fxg6 
fxg6 32. Kf2 Kf7 33. Ke3 Ke7 34. Rh1 h5 35. Rg1 Rxc7 1/2-1/2

[Event "S67099 Gustafson Memorial Open"]
[Site "CCLA"]
[Date "2016.11.20"]
[Round "?"]
[White "Hodgkins, Neil C."]
[Black "Nurmi, Ronald"]
[Result "0-1"]
[WhiteElo "1462"]
[BlackElo "1445"]

1. d4 d5 2. c4 c6 3. Nc3 dxc4 4. Nf3 Nf6 5. Bf4 b5 6. g3 Nd5 7. Bg2 Nxf4 
8. gxf4 e6 9. a3 Bd6 10. e3 Nd7 11. O-O O-O 12. Qc2 Bb7 13. Ne4 Be7 14. 
Rad1 Qc7 15. Rfe1 c5 16. Nc3 a6 17. d5 exd5 18. Nxd5 Qd8 19. e4 Re8 20. e5
Qb8 21. Bh3 Nf8 22. Bg2 Ne6 23. f5 Nd4 24. Nxd4 cxd4 25. Rxd4 Bc5 26. Rdd1
Rxe5 27. Rxe5 Qxe5 28. h3 Re8 29. Kf1 Bd4 30. Nc3 Bxg2+ 31. Kxg2 Bxc3 32. 
bxc3 h6 33. Rd2 Re7 34. f3 g5 35. fxg6 fxg6 36. Rf2 Kg7 37. f4 Qe4+ 38. 
Qxe4 Rxe4 39. Kf3 Re1 40. Rd2 Rc1 41. Rd7+ Kf6 42. Rd6+ Kf5 43. Rd5+ Ke6 
44. Re5+ Kd6 45. Re3 Ra1 46. Kg4 Rxa3 47. f5 gxf5+ 48. Kxf5 Ra1 49. Re6+ 
Kc7 50. Re3 Rg1 51. Re7+ Kb6 52. Re6+ Ka5 53. Re3 Ka4 54. Ke5 Kb3 55. Kd5 
a5 56. Kc5 a4 57. Kd4 a3 0-1

[Event "S60329 Regular Quad"]
[Site "CCLA"]
[Date "2017.01.07"]
[Round "?"]
[White "Lavery, Thomas"]
[Black "Alvarez, Adrian Astur"]
[Result "0-1"]
[WhiteElo "1531"]
[BlackElo "1460"]

1. d4 d5 2. c4 c6 3. Nf3 Nf6 4. Nc3 dxc4 5. e3 b5 6. a3 e6 7. Be2 Be7 8. 
O-O Nd5 9. e4 Nxc3 10. bxc3 Nd7 11. Bf4 O-O 12. d5 cxd5 13. exd5 Nc5 14. 
d6 Bf6 15. Ne5 Bxe5 16. Bxe5 f6 17. Bf4 Bb7 18. f3 Nb3 19. Rb1 e5 20. Be3 
Kh8 21. a4 a6 22. Rxb3 cxb3 23. Qxb3 Qxd6 24. Rd1 Qc7 25. axb5 axb5 26. 
Bxb5 Rfd8 27. Rxd8+ Qxd8 28. h3 Bd5 29. c4 Ra1+ 30. Kh2 Be6 31. Qc3 Rd1 
32. c5 e4 33. c6 exf3 34. gxf3 Qd6+ 35. f4 Qd5 36. Be2 Qh1+ 0-1

[Event "S60231 Summer Series"]
[Site "CCLA"]
[Date "2016.07.31"]
[Round "?"]
[White "Alvarez, Adrian Astur"]
[Black "Nurmi, Ronald"]
[Result "1-0"]
[WhiteElo "1460"]
[BlackElo "1477"]

1. d4 d5 2. c4 c6 3. Nf3 Nf6 4. Nc3 dxc4 5. a4 Bf5 6. e3 e6 7. Bxc4 Bb4 8.
 O-O O-O 9. Qe2 Bg4 10. Bd3 c5 11. h3 Bxf3 12. Qxf3 Nc6 13. Ne2 Rc8 14. 
Rd1 Qc7 15. Ng3 cxd4 16. Nh5 Qe7 17. Nxf6+ Qxf6 18. Qe4 g6 19. exd4 Qxd4 
20. Be3 Qxb2 21. Rab1 Qa3 22. Bb5 a5 23. Rd7 Qc3 24. Rxb7 Nb8 25. Bd4 1-0

[Event "S60309 Regular Quad"]
[Site "CCLA"]
[Date "2017.01.07"]
[Round "?"]
[White "Lavery, Thomas"]
[Black "Smiley, William R."]
[Result "0-1"]
[WhiteElo "1531"]
[BlackElo "1563"]

1. d4 d5 2. c4 dxc4 3. Nc3 Nf6 4. e4 e5 5. Be3 exd4 6. Bxd4 Be6 7. Qa4+ 
Nc6 8. Bxc4 Bxc4 9. Qxc4 Qxd4 10. Qxd4 Nxd4 11. Rc1 Bb4 12. a3 Ba5 13. b4 
Bb6 14. Nge2 Nxe2 15. Kxe2 O-O 16. Rhe1 c6 17. Kf1 Rfe8 18. f3 Rad8 19. 
Rcd1 Rxd1 0-1

[Event "S67079 Gustafson Memorial Open"]
[Site "CCLA"]
[Date "2016.11.20"]
[Round "?"]
[White "Walsh, Patrick"]
[Black "Capuzzi, Gabriele"]
[Result "1-0"]
[WhiteElo "1631"]
[BlackElo "1629"]

1. d4 d5 2. c4 dxc4 3. e4 e5 4. Nf3 exd4 5. Bxc4 Nc6 6. O-O Bg4 7. Qb3 Bh5
8. Qxb7 Na5 9. Bb5+ Ke7 10. Qa6 c6 11. Bxc6 Nxc6 12. Qb7+ 1-0

[Event "S60071 Winter Series"]
[Site "CCLA"]
[Date "2016.01.28"]
[Round "?"]
[White "Ritzmann, Andrew M."]
[Black "Williams, Rufus H."]
[Result "1-0"]
[WhiteElo "1231"]
[BlackElo "1375"]

1. d4 d5 2. Nf3 Nf6 3. c4 dxc4 4. e3 Bg4 5. Bxc4 e6 6. h3 Bxf3 7. Qxf3 Nc6
8. Nc3 Bb4 9. O-O O-O 10. e4 Nxd4 11. Qd3 c5 12. Bg5 a6 13. a3 Bxc3 14. 
bxc3 Nc6 15. f3 Qxd3 16. Bxd3 Rad8 17. Rad1 b5 18. Rfe1 c4 19. Bc2 Rxd1 
20. Rxd1 Nh5 21. Rd6 Nb8 22. Kf2 f6 23. Be3 e5 24. Bc5 Re8 25. g4 Nf4 26. 
Kg3 Ne2+ 27. Kf2 Nxc3 28. Rb6 Na4 29. Bxa4 bxa4 30. Bd6 Rc8 31. Rxb8 Rxb8 
32. Bxb8 Kf7 33. Bd6 Ke6 34. Bb4 g6 35. Ke2 Kd7 36. Kd2 Kc6 37. Be7 1-0

[Event "S60021 Winter Series"]
[Site "CCLA"]
[Date "2016.01.28"]
[Round "?"]
[White "Jarmuz, Frederick"]
[Black "O'Keefe, Michael J."]
[Result "1/2-1/2"]
[WhiteElo "1965"]
[BlackElo "2074"]

1. d4 d5 2. c4 dxc4 3. e3 Nf6 4. Bxc4 e6 5. Nf3 Be7 6. O-O O-O 7. Nc3 a6 
8. Qc2 b5 9. Bd3 Bb7 10. e4 h6 11. a3 b4 12. Na4 b3 13. Qxb3 Bxe4 14. Bxe4
Nxe4 15. Qb7 Qd5 16. Qxd5 exd5 17. Bf4 Ra7 18. Rac1 Bd6 19. Ne5 Ng5 20. 
Bxg5 hxg5 21. Rfe1 Rd8 22. h3 f6 23. Ng4 Bf8 24. Rc3 Kf7 25. g3 Rb7 26. 
Kg2 Re8 27. Rxe8 Kxe8 28. Ne3 c6 29. Nc2 Kf7 30. Ne1 Rc7 31. Nd3 Nd7 32. 
Kf3 Be7 33. b4 Nf8 34. Ndc5 Ne6 35. Nxe6 Kxe6 36. Rc2 Rc8 37. Rc1 Rc7 38. 
Kg4 g6 39. Kf3 Bd6 40. Rc2 Ke7 41. Nb6 Ke6 42. Re2+ Kf7 43. Re3 Rb7 44. 
Nc8 Bf8 45. Rc3 Rc7 46. Nb6 Ke6 47. Na4 Bd6 48. Ke2 Kd7 49. Nb6+ Ke6 50. 
Ke3 f5 1/2-1/2

[Event "S67039 Gustafson Memorial Open"]
[Site "CCLA"]
[Date "2016.11.20"]
[Round "?"]
[White "Teverovski, Bogoljub"]
[Black "Stroup, Jim"]
[Result "1-0"]
[WhiteElo "1967"]
[BlackElo "2058"]

1. d4 d5 2. c4 dxc4 3. Nf3 Nf6 4. e3 e6 5. Bxc4 a6 6. O-O b5 7. Bd3 Bb7 8.
 a4 b4 9. Nbd2 c5 10. e4 cxd4 11. e5 Nfd7 12. Nc4 Nc5 13. Bg5 Qc7 14. Rc1 
Nbd7 15. Nxd4 Nxe5 16. Nb5 Nf3+ 17. gxf3 axb5 18. Ne5 Ba6 19. Qe2 Qb6 20. 
Rfd1 bxa4 21. Bxa6 Qxa6 22. Qd2 f6 23. Rxc5 Qb7 24. Rc6 fxe5 25. Rxe6+ Kf7
26. Qc2 Qb5 27. Qe4 Re8 28. Rxe8 Qxe8 29. Qc4+ Kg6 30. h4 h5 31. Qe4+ Kf7 
32. Rd5 Qc6 33. Qf5+ Kg8 34. Rd8 Qc5 35. Re8 a3 36. bxa3 bxa3 37. Be7 Qxe7
38. Rxe7 Bxe7 39. Qe6+ Kh7 40. Qxe7 a2 41. Qa7 Rf8 42. Kg2 Rf4 43. Kg3 Rf5
44. Qxa2 g6 45. Qa7+ Kg8 46. Kg2 Kh8 47. Kf1 Kg8 48. Ke2 Kh8 49. Ke3 Rf4 
50. Qb8+ Kh7 51. Qxe5 Rf5 52. Qc7+ Kh8 53. Ke4 Kg8 54. Qc8+ Rf8 55. Qxf8+ 
Kxf8 56. Kf4 Kf7 57. Kg5 Kg7 58. f4 Kf7 59. f5 gxf5 60. Kxf5 Kg7 61. Kg5 
Kf7 62. Kxh5 Kf6 63. Kh6 Kf5 64. f3 Kf6 65. h5 Kf7 66. Kg5 Kg7 67. f4 Kf7 
68. h6 Kg8 69. Kg6 Kh8 70. f5 Kg8 71. f6 Kh8 72. Kf7 Kh7 73. Ke7 Kxh6 74. 
f7 Kg5 75. f8=R Kg6 76. Ke6 Kg5 77. Ke5 Kg4 78. Rf7 Kg3 79. Ke4 Kg2 80. 
Ke3 Kg3 81. Rg7+ Kh4 82. Kf4 Kh5 83. Rg2 Kh6 84. Kf5 1-0

[Event "S67039 Gustafson Memorial Open"]
[Site "CCLA"]
[Date "2016.11.20"]
[Round "?"]
[White "Jarmuz, Frederick"]
[Black "Stroup, Jim"]
[Result "1-0"]
[WhiteElo "1965"]
[BlackElo "2058"]

1. d4 d5 2. Nf3 Nf6 3. c4 dxc4 4. e3 e6 5. Bxc4 a6 6. O-O b5 7. Be2 Bb7 8.
 Nbd2 c5 9. b3 Nbd7 10. Bb2 Be7 11. a4 b4 12. Rc1 O-O 13. Nc4 Rc8 14. Qc2 
Nb6 15. Nfe5 cxd4 16. Bxd4 Nxc4 17. Nxc4 Bc5 18. Be5 Ne4 19. Rfd1 Qe7 20. 
Bd3 Qh4 21. Bg3 Nxg3 22. hxg3 Qh5 23. Be2 Qg5 24. Bf3 Bxf3 25. gxf3 Rfd8 
26. f4 Qe7 27. Rxd8+ Qxd8 28. Ne5 Rc7 29. Qe4 Qc8 30. g4 Bb6 31. Rc6 Rxc6 
32. Nxc6 Qd7 33. Ne5 Qd1+ 34. Kh2 Qd8 35. Qxb4 Bc7 36. Nf3 a5 37. Qb5 h6 
38. b4 axb4 39. Qxb4 Qd5 40. Kg2 g6 41. Qb5 Kf8 42. Qxd5 exd5 43. Nd4 Ke8 
44. f5 g5 45. Kf3 Kd7 46. Ke2 Bb6 47. Kd3 f6 48. Nb3 Kc6 49. a5 Bc7 50. f3
Be5 51. e4 Bb8 52. exd5+ Kxd5 53. a6 Kc6 54. Kc4 Bd6 55. a7 Kb7 56. Kd5 
Be5 57. Nc5+ Kxa7 58. Nd7 Bb2 59. Ke6 Ka6 60. Nxf6 Kb5 61. Ng8 Kc4 62. 
Nxh6 Kd3 63. f6 Ke2 64. Nf7 Kxf3 65. Ne5+ Ke4 66. f7 Bxe5 67. f8=Q Bf4 68.
 Qb4+ Ke3 69. Kf5 Kd3 70. Qxf4 gxf4 71. Kxf4 Kd4 72. g5 Kd5 73. Kf5 Kd6 
74. Kf6 Kd7 75. Kf7 Kd6 76. g6 Ke5 77. g7 Kd5 78. g8=Q Kd4 79. Ke6 Ke4 80.
 Qg5 Kd4 81. Qf5 Kc4 82. Qe5 Kd3 83. Qf4 Kc3 84. Qe4 Kb3 85. Qd4 Ka3 86. 
Qb6 Ka4 87. Kd5 Ka3 88. Kc4 Ka2 89. Qb4 Ka1 90. Kc3 Ka2 91. Qb2# 1-0

[Event "S67039 Gustafson Memorial Open"]
[Site "CCLA"]
[Date "2016.11.20"]
[Round "?"]
[White "Clancey, James"]
[Black "Stroup, Jim"]
[Result "0-1"]
[WhiteElo "2007"]
[BlackElo "2058"]

1. d4 d5 2. c4 dxc4 3. Nf3 Nf6 4. e3 e6 5. Bxc4 a6 6. O-O b5 7. Bd3 Bb7 8.
 Nc3 c5 9. Qe2 Nbd7 10. Rd1 Qc7 11. e4 cxd4 12. Nxd4 Bc5 13. Be3 O-O 14. 
Rac1 Qb6 15. Nc2 Ne5 16. Bxc5 Qxc5 17. Ne3 Rac8 18. a3 Rfd8 19. Na2 Qb6 
20. Rxc8 Rxc8 21. Nc3 Rd8 22. f3 Nh5 23. Bc2 Nf4 24. Rxd8+ Qxd8 25. Qd1 
Qb6 26. Kf1 h6 27. Qd2 f6 28. g3 Nxf3 29. Qf2 Nxh2+ 30. Kg1 Nh3+ 0-1

[Event "S60021 Winter Series"]
[Site "CCLA"]
[Date "2016.01.28"]
[Round "?"]
[White "Sereni, Vincent T."]
[Black "O'Keefe, Michael J."]
[Result "1/2-1/2"]
[WhiteElo "2107"]
[BlackElo "2074"]

1. d4 d5 2. c4 dxc4 3. e3 Nf6 4. Bxc4 e6 5. Nc3 a6 6. Nf3 c5 7. Bd3 Nc6 8.
 O-O cxd4 9. exd4 Be7 10. Be3 O-O 11. Ne5 Nb4 12. Bb1 Nbd5 13. Bc2 Bd7 14.
 Rc1 Rc8 15. Bd3 Nxe3 16. fxe3 Bd6 17. Rc2 Bxe5 18. dxe5 Nd5 19. Nxd5 exd5
20. Rxc8 Qxc8 21. Qf3 Bc6 22. Bf5 Qc7 23. e6 f6 24. Qf4 Qxf4 25. exf4 g6 
26. Bc2 f5 27. Bb3 Rd8 28. Re1 Rd6 29. Re5 Kf8 30. e7+ Ke8 31. Kf2 Rd7 32.
 a3 a5 33. Ke3 d4+ 34. Kf2 Rxe7 35. Rxa5 Re4 36. g3 Ke7 37. Bc2 Re3 38. 
Ra8 Kd7 39. Rh8 Re7 40. Bd3 Kc7 41. Rf8 Bd5 42. Rh8 h5 43. Be2 Bc6 44. b4 
Re3 45. Rg8 Rxa3 46. Rg7+ Kd6 47. Rxg6+ Ke7 48. Rg7+ Kf6 49. Rh7 Ra2 50. 
Ke1 Rb2 51. Rh6+ Kg7 52. Rd6 Rb1+ 53. Bd1 Rxb4 54. Bxh5 Rb1+ 55. Bd1 Rb4 
56. h4 Kf7 57. h5 Ke7 58. h6 Rb2 59. Rxd4 Rh2 60. g4 fxg4 61. Bxg4 Rxh6 
62. Kd2 Rh2+ 1/2-1/2

[Event "S60221 Summer Series"]
[Site "CCLA"]
[Date "2016.07.31"]
[Round "?"]
[White "Greco, Tom"]
[Black "Smiley, William R."]
[Result "1-0"]
[WhiteElo "1668"]
[BlackElo "1563"]

1. d4 d5 2. c4 dxc4 3. Nf3 Nf6 4. e3 e6 5. Bxc4 c5 6. O-O a6 7. Bb3 b5 8. 
a4 Qa5 9. Bd2 b4 10. Na3 Qc7 11. Nc4 a5 12. Rc1 Nbd7 13. Re1 Bb7 14. Rc2 
Be7 15. Bc1 O-O 16. Nfe5 Rfd8 17. Rd2 Nf8 18. Bc2 cxd4 19. Rxd4 Rxd4 20. 
Qxd4 Bc5 21. Qd3 Rd8 22. Qe2 N6d7 23. Rd1 Nxe5 24. Rxd8 1-0

[Event "S60051 Winter Series"]
[Site "CCLA"]
[Date "2016.01.28"]
[Round "?"]
[White "Greco, Tom"]
[Black "Laaman, Thomas"]
[Result "1/2-1/2"]
[WhiteElo "1668"]
[BlackElo "1633"]

1. d4 d5 2. c4 e6 3. Nd2 c5 4. dxc5 Bxc5 5. Nb3 Be7 6. cxd5 exd5 7. Nf3 
Nc6 8. Bf4 Nf6 9. g3 O-O 10. Bg2 Re8 11. O-O Be6 12. Ng5 Bc8 13. a3 h6 14.
 Nf3 Be6 15. Nbd4 Bg4 16. Nxc6 bxc6 17. b4 a6 18. Ne5 Rc8 19. Nxg4 Nxg4 
20. Bh3 f5 21. f3 g5 22. Bxg4 fxg4 23. Bd2 gxf3 24. Rxf3 Rf8 25. Qc2 Qd6 
26. Raf1 c5 27. bxc5 Qxc5+ 28. Qxc5 Bxc5+ 29. Kg2 Rxf3 30. Rxf3 Rf8 31. 
Bb4 Rxf3 32. Kxf3 Bg1 33. e4 dxe4+ 34. Kxe4 Bxh2 35. g4 Kf7 36. Kd5 h5 37.
 gxh5 g4 38. Kc6 Bg1 39. Be1 Bh2 40. Kb6 1/2-1/2

[Event "S60179 Regular Quad"]
[Site "CCLA"]
[Date "2016.05.12"]
[Round "?"]
[White "Cornacchio, Patrick T."]
[Black "Acosta, Errol"]
[Result "0-1"]
[WhiteElo "1600"]
[BlackElo "1490"]

1. d4 e6 2. c4 d5 3. Nc3 Nf6 4. e4 dxe4 5. f3 exf3 6. Qxf3 Bb4 7. Bd2 O-O 
8. a3 Be7 9. Be3 Nbd7 10. Bd3 c6 11. O-O-O Qc7 12. Nge2 e5 13. Ng3 exd4 
14. Bxd4 Nb6 15. Rhe1 Be6 16. Bxf6 Bxf6 17. Re4 Rad8 18. Nh5 Bg5+ 19. Nf4 
Bf5 20. g3 Bxe4 21. Qxe4 Bxf4+ 22. gxf4 f5 23. Qf3 Qf7 24. Qh3 g6 25. Qf1 
Rfe8 26. c5 Nd5 27. Bc4 Qe7 28. Bxd5+ cxd5 29. Nxd5 Qxc5+ 30. Nc3 Qe3+ 31.
 Kb1 Rxd1+ 32. Qxd1 Qe1 33. Qxe1 Rxe1+ 34. Ka2 Rh1 0-1

[Event "S60159 Server NA Class C Ch"]
[Site "CCLA"]
[Date "2016.05.12"]
[Round "?"]
[White "Moujan, Pablo"]
[Black "Sanchez, David A."]
[Result "1-0"]
[WhiteElo "1536"]
[BlackElo "1453"]

1. d4 d5 2. c4 c6 3. Nf3 e6 4. Bg5 Be7 5. Bxe7 Nxe7 6. e3 dxc4 7. Bxc4 b5 
8. Bb3 Nd7 9. Nbd2 Bb7 10. Rc1 Rc8 11. O-O c5 12. a3 c4 13. Ba2 O-O 14. e4
Nf6 15. Re1 Nc6 16. Nf1 Qb6 17. Bb1 Rfd8 18. e5 Ng4 19. Bxh7+ 1-0

[Event "S67119 Gustafson Memorial Open"]
[Site "CCLA"]
[Date "2016.11.20"]
[Round "?"]
[White "Leber, David"]
[Black "Lyons, Brenda M."]
[Result "1-0"]
[WhiteElo "1270"]
[BlackElo "1220"]

1. d4 d5 2. c4 e6 3. Nc3 Bb4 4. Nf3 Bxc3+ 5. bxc3 Nf6 6. Bg5 Nbd7 7. e3 h6
8. Bh4 O-O 9. c5 c6 10. Bd3 Re8 11. Qc2 Nf8 12. O-O Bd7 13. Rab1 Rb8 14. 
Ne5 Qc7 15. Bxf6 gxf6 16. Ng4 1-0

[Event "S60159 Server NA Class C Ch"]
[Site "CCLA"]
[Date "2016.05.12"]
[Round "?"]
[White "Nurmi, Ronald"]
[Black "Sanchez, David A."]
[Result "1-0"]
[WhiteElo "1480"]
[BlackElo "1453"]

1. d4 d5 2. c4 c6 3. Nc3 e6 4. e4 dxe4 5. Nxe4 Bb4+ 6. Bd2 Qxd4 7. Bxb4 
Qxe4+ 8. Be2 Na6 9. Bc3 Qxg2 10. Qd6 Qg5 11. Nf3 Qe7 12. Qxe7+ Nxe7 13. 
Bxg7 Rg8 14. Bf6 Nb4 15. Nd4 c5 16. Nb5 Na6 17. O-O-O 1-0